Do You Know the Alphabet? Quiz Stats

 Plays Quiz Updated Oct 29, 2012

Support Sporcle.
Go Orange.
Score 0/26 Timer 01:00
0 Plays Today
% Correct
???
100%
???
93.7%
???
92.2%
???
91%
???
90%
???
88.9%
???
87.7%
???
86.5%
???
85.6%
???
84.1%
???
82%
???
80.8%
???
78%
% Correct
???
75.8%
???
73.9%
???
70.8%
???
67.1%
???
62.5%
???
58.9%
???
56.1%
???
51.5%
???
47.7%
???
42.8%
???
38%
???
34.8%
???
32.1%

You're not logged in!

Compare scores with friends on all Sporcle quizzes.
OR
Log In

From the Vault

European Countries with an 'R'

by PrincessMartell

You might be able to think of all the countries, but finding them is another thing altogether.
Remove Ads.
Support Sporcle.
Get the best of Sporcle when you Go Orange. This ad-free experience offers more features, more stats, and more fun while also helping to support Sporcle. Thank you for becoming a member.

Show Comments

Extras

Top Quizzes Today


Score Distribution

Your Account Isn't Verified!

In order to create a playlist on Sporcle, you need to verify the email address you used during registration. Go to your Sporcle Settings to finish the process.

Report this User

Report this user for behavior that violates our Community Guidelines.

Details: